Kontrolný systém vo vybranom podniku bakalárska práca

Gespeichert in:
Bibliographische Detailangaben
1. Verfasser: Obuchová, Ľubica
Körperschaft: Fakulta podnikového manažmentu EU. Katedra manažmentu
Weitere Verfasser: Záležáková, Eliška
Format: Buch
Sprache:Slowakisch
Veröffentlicht: Bratislava 2018
Tags: Tag hinzufügen
Keine Tags, Fügen Sie das erste Tag hinzu!

MARC

LEADER 00000nbm a2200000 4500
001 0244844
005 20180918144711.5
041 0 |a slo 
044 |a SK 
245 1 0 |a Kontrolný systém vo vybranom podniku  |b bakalárska práca  |c Ľubica Obuchová ; školiteľ: Eliška Záležáková 
264 1 |a Bratislava  |c 2018 
300 |a 55 s. 
100 1 |a Obuchová, Ľubica 
700 1 |a Záležáková, Eliška 
710 2 |a Fakulta podnikového manažmentu EU. Katedra manažmentu